000 00788aam a2200277 i 4500
001 303
003 CO-MdBIC
005 20210918125251.0
008 210918t1997 ck ||||| |||| 00| 0 eng d
020 _a958-04-2712-7
040 _bspa.
_aCO-MdFUSB
_cCO-MdFUSB
_dCO-MdFUSBC
_erda
041 _aspa
082 0 4 _aR 410 C6499f
100 1 _aFernández de la Torriente, Gastón
245 1 0 _aDomine su lenguaje : Cómo escribir correctamente / Gastón Fernández de la Torriente
_c/
260 _aBogotá, Clombia : Norma
264 1 _aBogotá, Colombia :
_bNorma,
_c[1997]
264 4 _c© 1997
300 _a160 Pag.
_c;
336 _2rdacontent
337 _2rdamedia
338 _2rdacarrier
653 _aComo escribir correctamente
942 _cBK
945 _aEstudiante
999 _c31839
_d31839